Datum a čas kvízu

30.5 Celkem bodů Celkový počet nahraných bodů na tomto kvízu bez doplňovacích otázek.
7. Pořadí na kvízu Konečné umístění týmu na tomto kvízu.

Zaznamenané odpovědi

# Otázka Odpověď Body Výsledky
1. Ve Všetatech na Mělnicku byl v... Jan Palach 1
2. Nobelovu cenu míru získal muž... Etiopie, premiér 0.5
3. Ti z Vás, kdo pravidelně sledu... zavedení lokalizované (české) verze nabídky 1
4. Společnost Adobe minulý týden... Venezuela 0
5. V pátek se v Praze odehrál zá... Vladimír Darida 0
6. Téma o Brazílii zvítězilo ve f... pátou a pátou 1
7. Pokud bychom chtěli v říjnu 20... v Curychu 0
8. Tento světově proslulý brazils... Oscar Niemeyer 0
9. Především venkovská brazilská... maniok 1
10. Co se týče slavných osobností,... Adriana Lima 0